[Event "GER-ch U25-B"]
[Site "Willingen"]
[Date "2023.06.02"]
[Round "8"]
[White "Direk, Oguzhan"]
[Black "Schaechtelin, Jakob"]
[Result "1/2-1/2"]
[WhiteElo "1553"]
[BlackElo "1468"]
[PlyCount "60"]
[EventDate "2023.05.27"]
[EventType "swiss"]
[EventRounds "9"]
[EventCountry "GER"]
[SourceTitle "CBM 214 Extra"]
[Source "ChessBase"]
[SourceDate "2023.07.31"]
[SourceVersion "1"]
[SourceVersionDate "2023.07.31"]
[SourceQuality "1"]

1. d4 d5 2. Nc3 Nf6 3. Bf4 c6 4. e3 Bf5 5. f3 e6 6. g4 Bg6 7. h4 h6 8. Bd3 Bxd3 9. Qxd3 Bd6 10. Nge2 Qc7 11. 0-0-0 Nbd7 12. Bxd6 Qxd6 13. Nf4 0-0-0 14. g5 Ne8 15. Kb1 e5 16. dxe5 Nxe5 17. Qf5+ Kb8 18. Nd3 Nxd3 19. Rxd3 Qe7 20. gxh6 Rxh6 21. Qf4+ Ka8 22. e4 dxe4 23. Rxd8+ Qxd8 24. Rd1 Rd6 25. Rxd6 Nxd6 26. Nxe4 Nxe4 27. fxe4 Qd1+ 28. Qc1 Qg4 29. Qe1 a6 30. a3 g5 1/2-1/2

[Event "GER-ch U25-B"]
[Site "Willingen"]
[Date "2023.05.30"]
[Round "4"]
[White "Direk, Oguzhan"]
[Black "Junge, Julia Marie"]
[Result "1-0"]
[WhiteElo "1553"]
[BlackElo "1367"]
[PlyCount "121"]
[EventDate "2023.05.27"]
[EventType "swiss"]
[EventRounds "9"]
[EventCountry "GER"]
[SourceTitle "CBM 214 Extra"]
[Source "ChessBase"]
[SourceDate "2023.07.31"]
[SourceVersion "1"]
[SourceVersionDate "2023.07.31"]
[SourceQuality "1"]

1. d4 e6 2. Nc3 d5 3. Bf4 Bd6 4. Bxd6 Qxd6 5. e3 Nf6 6. Nf3 Nbd7 7. Bd3 0-0 8. 0-0 e5 9. Nb5 Qe7 10. Nxc7 Rb8 11. dxe5 Nxe5 12. Nb5 a6 13. Nbd4 Bg4 14. Be2 Ne4 15. Nxe5 Bxe2 16. Qxe2 Qxe5 17. c3 Rbc8 18. Rad1 f5 19. Rfe1 Rc4 20. Nf3 Qd6 21. Nd2 Nxd2 22. Rxd2 b5 23. Red1 Rd8 24. Qf3 Rc5 25. Qxf5 Qc6 26. Qd3 Re8 27. b4 Rxc3 28. Qxd5+ Qxd5 29. Rxd5 Rc2 30. R5d2 Rc4 31. a3 Rc3 32. Rd3 Rc2 33. Kf1 Rec8 34. Rd8+ Rxd8 35. Rxd8+ Kf7 36. Rd6 Rc1+ 37. Ke2 Rc2+ 38. Kf3 g5 39. Rxa6 g4+ 40. Kg3 h5 41. Rb6 h4+ 42. Kxh4 Rxf2 43. Kxg4 Rxg2+ 44. Kf3 Rxh2 45. Rxb5 Rh3+ 46. Ke4 Rh4+ 47. Kd3 Rh6 48. a4 Rd6+ 49. Kc4 Re6 50. a5 Rxe3 51. a6 Re8 52. a7 Ra8 53. Ra5 Ke7 54. b5 Kd7 55. Kc5 Kc7 56. b6+ Kb7 57. Kb5 Rc8 58. a8Q+ Rxa8 59. Rxa8 Kxa8 60. Kc6 Kb8 61. b7 1-0

[Event "Verden op-B"]
[Site "Verden"]
[Date "2023.01.05"]
[Round "1"]
[White "Direk, Oguzhan"]
[Black "Spieker, Hans Joachim"]
[Result "0-1"]
[WhiteElo "1503"]
[BlackElo "1788"]
[PlyCount "92"]
[EventDate "2023.01.05"]
[EventType "swiss"]
[EventRounds "7"]
[EventCountry "GER"]
[SourceTitle "CBM 212 Extra"]
[Source "ChessBase"]
[SourceDate "2023.03.31"]
[SourceVersion "1"]
[SourceVersionDate "2023.03.31"]
[SourceQuality "1"]

1. d4 Nf6 2. Nc3 d5 3. Bf4 g6 4. Qd2 Bf5 5. f3 h5 6. 0-0-0 Bg7 7. e3 c6 8. Bd3 Bxd3 9. Qxd3 Na6 10. Na4 Qa5 11. b3 Nb4 12. Qd2 Nxa2+ 13. Kb2 Qxd2 14. Rxd2 Nb4 15. Ne2 Nd7 16. e4 e5 17. dxe5 Nxe5 18. Nd4 dxe4 19. Bxe5 Bxe5 20. Re1 0-0 21. Rxe4 Rfe8 22. c3 Bxd4 23. Rexd4 Nd5 24. Nc5 Re7 25. c4 Nf6 26. Rd6 Kg7 27. Kc2 Rae8 28. h3 b6 29. Ne4 Nxe4 30. fxe4 c5 31. Rd7 Kf6 32. R2d6+ Ke5 33. Kd3 Kf4 34. Rf6+ Kg3 35. Rxf7 Rxe4 36. Rxa7 Re3+ 37. Kc2 Re2+ 38. Kc1 Rxg2 39. Rae7 Rxe7 40. Rxe7 Kxh3 41. Re6 Rg5 42. Rxb6 h4 43. Rd6 Kg4 44. Kd1 h3 45. Ke2 h2 46. Rd1 Kg3 0-1

[Event "Krefeld op"]
[Site "Krefeld"]
[Date "2022.08.06"]
[Round "4"]
[White "Vestrick, Frank"]
[Black "Direk, Oguzhan"]
[Result "1-0"]
[WhiteElo "1867"]
[BlackElo "1503"]
[PlyCount "59"]
[EventDate "2022.08.04"]
[EventType "swiss"]
[EventRounds "9"]
[EventCountry "GER"]
[SourceTitle "CBM 209 Extra"]
[Source "ChessBase"]
[SourceDate "2022.09.30"]
[SourceVersion "1"]
[SourceVersionDate "2022.09.30"]
[SourceQuality "1"]

1. d4 d5 2. c4 e6 3. Nc3 f5 4. Nf3 c6 5. e3 Nf6 6. Bd3 Be7 7. 0-0 0-0 8. Qc2 Ne4 9. Nd2 Nd7 10. f3 Nef6 11. b3 c5 12. cxd5 cxd4 13. exd4 exd5 14. Bxf5 Qb6 15. Ne2 Nc5 16. dxc5 Qxc5+ 17. Kh1 Bxf5 18. Qxf5 Ne4 19. Qe6+ Kh8 20. fxe4 Rxf1+ 21. Nxf1 Qf2 22. Be3 Qxe2 23. exd5 Bf6 24. Rc1 Rf8 25. Bc5 Qxe6 26. dxe6 Rc8 27. Be3 Re8 28. Bxa7 h6 29. Re1 Rf8 30. Ng3 1-0

[Event "Krefeld op"]
[Site "Krefeld"]
[Date "2022.08.05"]
[Round "2"]
[White "Mann, Gergely"]
[Black "Direk, Oguzhan"]
[Result "0-1"]
[WhiteElo "1728"]
[BlackElo "1503"]
[PlyCount "94"]
[EventDate "2022.08.04"]
[EventType "swiss"]
[EventRounds "9"]
[EventCountry "GER"]
[SourceTitle "CBM 209 Extra"]
[Source "ChessBase"]
[SourceDate "2022.09.30"]
[SourceVersion "1"]
[SourceVersionDate "2022.09.30"]
[SourceQuality "1"]

1. d4 d5 2. c4 e6 3. Nc3 f5 4. Bf4 c6 5. e3 Nf6 6. Nf3 Be7 7. Bd3 0-0 8. Qc2 Nbd7 9. cxd5 cxd5 10. Nb5 Nh5 11. Nc7 Nxf4 12. Nxa8 Nxd3+ 13. Qxd3 Qa5+ 14. Ke2 Nb8 15. Rhc1 Nc6 16. Ne5 Nxe5 17. dxe5 Bd7 18. Nc7 Rc8 19. Nxd5 exd5 20. Rxc8+ Bxc8 21. Rc1 Bd7 22. Qc3 Qxc3 23. Rxc3 Bc6 24. f4 Kf7 25. g3 Bb4 26. Rc1 h6 27. a3 Ba5 28. b4 Bb6 29. Ra1 g5 30. a4 a6 31. Kd3 Bd8 32. Kd4 Bb6+ 33. Kd3 gxf4 34. gxf4 Kg6 35. a5 Ba7 36. Rg1+ Kh5 37. Rg8 Bb5+ 38. Kd2 d4 39. e6 dxe3+ 40. Ke1 Bd4 41. Rc8 Kg6 42. e7 Kf7 43. Rc7 Ke8 44. h3 e2 45. h4 Be3 46. h5 Bxf4 47. Rc3 Bd6 0-1